00327nam a2200133Ia 4500003000400000008004100004040001600045082001300061100001700074245004500091260002000136650001500156650002200171GCL140319s9999 xx 000 0 eng d aGCL / cGCL04a843bD L1 aDEON, MICHEL10aLOUIS XIV PAR LUI- MEME / cDEON, MICHEL a[S.N] : bFOLIO04aLITERATURE04aFRENCH LITERATURE